Dictionary of American idioms : A dictionary for learners of English

में बचाया:
ग्रंथसूची विवरण
निगमित लेखक: Sunflower
स्वरूप: पुस्तक
भाषा:Undetermined
प्रकाशित: Tp. Hồ Chí Minh Thanh Niên 2003
विषय:
टैग : टैग जोड़ें
कोई टैग नहीं, इस रिकॉर्ड को टैग करने वाले पहले व्यक्ति बनें!
Thư viện lưu trữ: Trung tâm Học liệu Trường Đại học Cần Thơ
LEADER 00687nam a2200229Ia 4500
001 CTU_87695
008 210402s9999 xx 000 0 und d
020 |c 80000 
082 |a 423.1 
082 |b S957 
110 |a Sunflower 
245 0 |a Dictionary of American idioms : 
245 2 |b A dictionary for learners of English 
245 0 |c Sunflower 
260 |a Tp. Hồ Chí Minh 
260 |b Thanh Niên 
260 |c 2003 
650 |a American idioms,English language 
650 |x idioms 
904 |i M.Loan 
910 |a Sách kèm đĩa có số AV.003400, AV.003396, AV.003392, AV.003427, AV.003431 
980 |a Trung tâm Học liệu Trường Đại học Cần Thơ